| 000 | 01531nam a2200361 c 4500 | ||
|---|---|---|---|
| 999 |
_c190052 _d190052 |
||
| 003 | BLK | ||
| 005 | 20250225005545.0 | ||
| 008 | 180411b bul|||||r ||||||| ||bul|| | ||
| 010 | _aKNG00199112000 | ||
| 040 | _aBLK | ||
| 041 |
_aBUL _cBUL |
||
| 072 | 7 |
_2bullib _aА _xФонд Михаил Арнаудов |
|
| 080 |
_aБългарска литература _b821.163.2 _x-8 _z821.163.2-8 |
||
| 100 |
_aБотев, Христо _d1848 - 1876 _qПетков, Христо Ботев _eпърви автор _9364222 |
||
| 139 |
_aБотев, Христо _bБ 70 |
||
| 245 | 1 | 0 |
_aИзбрани съчинения _bСтихотворения ; Фейлетони ; Статии _cХристо Ботев; уводна статия и бел. Георги Гогов Константинов. |
| 257 | _aBGR | ||
| 260 |
_bХемус _c1947 _fСофия : Изгрев |
||
| 300 |
_a208 с. _c18 см |
||
| 380 | _aX | ||
| 490 | 1 | _aБългарско творчество | |
| 490 |
_aЧастна колекция - Академик Михаил Арнаудов _9396381 _gДарение - Основен фонд |
||
| 500 | _aМека подв., неразрязана | ||
| 659 | _aА | ||
| 700 | 1 |
_aКонстантинов, Георги Гогов _eуводна статия и бел. _9379441 |
|
| 852 | _aМА 1041 | ||
| 856 | 4 | _qpdf | |
| 856 | 4 | _qpdf | |
| 942 |
_cKNG _n0 _s1 _01 |
||
| 944 |
_aCR _c10.01.2017 _k _lCRON CRON |
||
| 944 |
_aED _c27.03.2017 _kВиолета_Тройчева |
||
| 999 | _d190052 | ||